00436nam a2200157Ia 45000010006000000050017000060080041000230410008000640820014000721000033000862450106001192600009002253000028002346500008002626540008002701742420260306171516.0260306s9999||||xx |||||||||||||| ||und|| aESP a658bB81N aBraidot, Néstor PedroeAUT 0aNeuromanagement:bcómo utilizar a pleno el cerebro en la conducción exitosa de las organizaciones c2010 a488 páginas :c23 cm. aGEN aCCO